<?xml version="1.0" encoding="UTF-8"?><?xml-stylesheet type="text/xsl" href="static/style.xsl"?><OAI-PMH xmlns="http://www.openarchives.org/OAI/2.0/" xmlns:xsi="http://www.w3.org/2001/XMLSchema-instance" xsi:schemaLocation="http://www.openarchives.org/OAI/2.0/ http://www.openarchives.org/OAI/2.0/OAI-PMH.xsd"><responseDate>2026-06-06T01:35:48Z</responseDate><request verb="GetRecord" identifier="oai:riuma.uma.es:10630/32176" metadataPrefix="marc">https://riuma.uma.es/rest/oai/request</request><GetRecord><record><header><identifier>oai:riuma.uma.es:10630/32176</identifier><datestamp>2026-02-03T10:54:09Z</datestamp><setSpec>com_10630_2254</setSpec><setSpec>col_10630_37953</setSpec></header><metadata><record xmlns="http://www.loc.gov/MARC21/slim" xmlns:dcterms="http://purl.org/dc/terms/" xmlns:doc="http://www.lyncode.com/xoai" xmlns:xsi="http://www.w3.org/2001/XMLSchema-instance" xsi:schemaLocation="http://www.loc.gov/MARC21/slim http://www.loc.gov/standards/marcxml/schema/MARC21slim.xsd">
   <leader>00925njm 22002777a 4500</leader>
   <datafield ind2=" " ind1=" " tag="042">
      <subfield code="a">dc</subfield>
   </datafield>
   <datafield ind2=" " ind1=" " tag="720">
      <subfield code="a">Valero-Cantero, Inmaculada</subfield>
      <subfield code="e">author</subfield>
   </datafield>
   <datafield ind2=" " ind1=" " tag="720">
      <subfield code="a">Casals, Cristina</subfield>
      <subfield code="e">author</subfield>
   </datafield>
   <datafield ind2=" " ind1=" " tag="720">
      <subfield code="a">Espinar-Toledo, Milagrosa</subfield>
      <subfield code="e">author</subfield>
   </datafield>
   <datafield ind2=" " ind1=" " tag="720">
      <subfield code="a">Barón-López, Francisco Javier</subfield>
      <subfield code="e">author</subfield>
   </datafield>
   <datafield ind2=" " ind1=" " tag="720">
      <subfield code="a">García-Agua-Soler, Nuria</subfield>
      <subfield code="e">author</subfield>
   </datafield>
   <datafield ind2=" " ind1=" " tag="720">
      <subfield code="a">Vázquez-Sánchez, María Ángeles</subfield>
      <subfield code="e">author</subfield>
   </datafield>
   <datafield ind2=" " ind1=" " tag="260">
      <subfield code="c">2023-07-09</subfield>
   </datafield>
   <datafield ind2=" " ind1=" " tag="520">
      <subfield code="a">The aim of this study was to investigate the effects of listening to self-chosen music on the&#xd;
quality of life of family caregivers of cancer patients receiving palliative home care. A total of 82 family&#xd;
caregivers were assigned either to the intervention group (n = 41) or to the control group (n = 41)&#xd;
in this double-blind, multicentre, randomised controlled clinical trial. The recruitment period was&#xd;
between July 2020 and September 2021. The intervention group received individualised pre-recorded&#xd;
music in daily 30 min sessions for 7 consecutive days. The control group was given a recorded&#xd;
repetition of the basic therapeutic training education also in 30 min sessions for 7 consecutive days.&#xd;
The primary endpoint assessed was the caregivers’ quality of life (Quality of Life Family Version and&#xd;
European Quality of Life visual analogue scale) before and after the intervention. The secondary&#xd;
endpoint was their perceived satisfaction with the intervention (Client Satisfaction Questionnaire).&#xd;
The music intervention was successful, producing a tangible improvement in the caregivers’ quality&#xd;
of life (p &lt; 0.01) and satisfaction with the care provided (p = 0.002). The intervention was not only&#xd;
effective but produced no adverse effects. This study encourages the use of self-chosen music as a&#xd;
complementary intervention in nursing care for family caregivers of palliative cancer patients.</subfield>
   </datafield>
   <datafield ind1="8" ind2=" " tag="024">
      <subfield code="a">Valero-Cantero, I.; Casals, C.; Espinar-Toledo, M.; Barón-López, F.J.; García-Agua Soler, N.; Vázquez-Sánchez, M.Á. Effects of Music on the Quality of Life of Family Caregivers of Terminal Cancer Patients: A Randomised Controlled Trial. Healthcare 2023, 11, 1985. https://doi.org/10.3390/ healthcare11141985</subfield>
   </datafield>
   <datafield ind1="8" ind2=" " tag="024">
      <subfield code="a">https://hdl.handle.net/10630/32176</subfield>
   </datafield>
   <datafield ind1="8" ind2=" " tag="024">
      <subfield code="a">10.3390/ healthcare11141985</subfield>
   </datafield>
   <datafield tag="653" ind2=" " ind1=" ">
      <subfield code="a">Música - Aspectos fisiológicos</subfield>
   </datafield>
   <datafield tag="653" ind2=" " ind1=" ">
      <subfield code="a">Calidad de vida</subfield>
   </datafield>
   <datafield ind2="0" ind1="0" tag="245">
      <subfield code="a">Effects of Music on the Quality of Life of Family Caregivers of Terminal Cancer Patients: A Randomised Controlled Trial</subfield>
   </datafield>
</record>
</metadata></record></GetRecord></OAI-PMH>